| 000 | 00559nam a22001817a 4500 | ||
|---|---|---|---|
| 005 | 20251108173015.0 | ||
| 008 | 250721s1995 xx 000 0 ara d | ||
| 082 | 1 | 4 | _ar/720.3/bah |
| 100 | 1 | _abahnassi، afif | |
| 245 | 1 | 2 | _aa dictionary of architecture & arts : arabic - english & arabic with an english - french glossary / |
| 246 | 1 | 1 | _aمعجم العماره و الفن |
| 264 | 1 |
_alebanon : _blibrairie du liban publishers، _c1995. |
|
| 650 | 1 | 7 | _aDICTIONARIES |
| 650 | 1 | 7 | _aARCHITECTURE |
| 650 | 1 | 7 | _aARTS |
| 942 |
_2ddc _cREF |
||
| 999 |
_c93905 _d93905 |
||